| 000 | 01302cam a22003614a 4500 | ||
|---|---|---|---|
| 001 | 17001472 | ||
| 003 | OSt | ||
| 005 | 20180116183017.0 | ||
| 008 | 111017s2012 enka f 001 0 eng | ||
| 010 | _a 2011043139 | ||
| 016 | 7 |
_a016030580 _2Uk |
|
| 020 | _a9780749465506 (pbk.) | ||
| 020 | _a0749465506 (pbk.) | ||
| 020 | _a9780749465513 | ||
| 020 | _a0749465514 | ||
| 035 | _a(OCoLC)ocn748331070 | ||
| 040 |
_aDLC _beng _cDLC _dYDX _dBTCTA _dYDXCP _dUKMGB _dCDX _dOCLCO _dLND _dBWK _dYNK _dDLC |
||
| 042 | _apcc | ||
| 050 | 0 | 0 |
_aHF5549.17 _b.A76 2012 |
| 082 | 0 | 0 |
_a658.3 ARM 2012 _223 |
| 100 | 1 |
_aArmstrong, Michael, _d1928- |
|
| 245 | 1 | 0 |
_aArmstrong's handbook of human resource management practice / _cMichael Armstrong. |
| 246 | 3 | 0 | _aHandbook of human resource management practice |
| 250 | _a12th ed. | ||
| 260 |
_aLondon ; _aPhiladelphia : _bKogan Page, _c2012. |
||
| 300 |
_axxxvi, 752 p. : _bcol. ill. ; _c25 cm. |
||
| 500 | _aIncludes index. | ||
| 650 | 0 |
_aPersonnel management _vHandbooks, manuals, etc. |
|
| 700 | 1 |
_aArmstrong, Michael, _d1928- _tHandbook of human resource management practice. |
|
| 906 |
_a7 _bcbc _corignew _d1 _eecip _f20 _gy-gencatlg |
||
| 942 |
_2ddc _cBK |
||
| 999 |
_c350426 _d350426 |
||